000 00525cam a2200181 4500500
005 20260405002152.0
041 _afre
042 _adc
100 1 0 _aLacroix, Alexandre
_eauthor
245 0 0 _aRester de glace dans le feu
260 _c2016.
500 _a9
690 _aFaiblesse
690 _aForce
690 _aMorale
786 0 _nPhilosophie magazine | 98 | 4 | 2016-04-01 | p. 1-1 | 1951-1787
856 4 1 _uhttps://shs.cairn.info/magazine-philosophie-magazine-2016-4-page-1?lang=fr&redirect-ssocas=7080
999 _c2054981
_d2054981